Arts Soins : Les frontières imaginées (notice n° 1643479)

détails MARC
000 -LEADER
fixed length control field 01211cam a2200145 4500500
005 - DATE AND TIME OF LATEST TRANSACTION
control field 20260208000024.0
041 ## - LANGUAGE CODE
Language code of text/sound track or separate title fre
042 ## - AUTHENTICATION CODE
Authentication code dc
100 10 - MAIN ENTRY--PERSONAL NAME
Personal name Mestre, Claire
Relator term author
245 00 - TITLE STATEMENT
Title Arts Soins : Les frontières imaginées
260 ## - PUBLICATION, DISTRIBUTION, ETC.
Name of publisher, distributor, etc. La Pensée sauvage,<br/>
Date of publication, distribution, etc. 2025.<br/>
520 ## - SUMMARY, ETC.
Summary, etc. Arts Soins, quelles frontières, quels liens entre ces mots, ces pratiques qui se côtoient depuis toujours ? Que font-ils l’un et l’autre quand se profile l’irrémédiable, pour survivre, figurer, raconter, et se mettre au service de l’être, pour lui faire du bien et le soulager ? Au regard de leurs expériences, psychanalystes et cliniciens, écrivains et poètes, artistes, anthropologues, prennent ici la parole. Ils se saisissent de notre monde, ils s’y engagent pour témoigner, créer ou bien tenter d’amoindrir les effets de sa violence. Une polyphonie de textes et de voix s’exposent, se déploient et se croisent pour créer des dialogues et des écarts. Arts  Soins, une certitude s’en dégage : on ne pourrait vivre sans l’un ni l’autre.
700 10 - ADDED ENTRY--PERSONAL NAME
Personal name Géry, Marion
Relator term author
856 41 - ELECTRONIC LOCATION AND ACCESS
Uniform Resource Identifier <a href="https://shs.cairn.info/arts-soins--9782859193652?lang=fr&redirect-ssocas=7080">https://shs.cairn.info/arts-soins--9782859193652?lang=fr&redirect-ssocas=7080</a>

Pas d'exemplaire disponible.

PLUDOC

PLUDOC est la plateforme unique et centralisée de gestion des bibliothèques physiques et numériques de Guinée administré par le CEDUST. Elle est la plus grande base de données de ressources documentaires pour les Étudiants, Enseignants chercheurs et Chercheurs de Guinée.

Adresse

627 919 101/664 919 101

25 boulevard du commerce
Kaloum, Conakry, Guinée

Réseaux sociaux

Powered by Netsen Group @ 2025